Szczegóły MARC21

Zarządzanie zasobami ludzkimi w otoczeniu międzynarodowym : kulturowe uwarunkowania /

003 -Nazwa inst., której nr kontr. jest w polu 001 [,]
    • @
    • Nazwa instytucji, której n kontrolny jest w polu 001
    • NUKAT
005 -DATA I CZAS OSTATNIEJ MODYFIKACJI [,]
    • @
    • pole kontrolne
    • 20241231095602.0
020 -Międzynarod. znormalizowany nr książki - ISBN [ , ]
    • a
    • Numer ISBN
    • 9788301171803 Find
040 -Instytucja sporządzająca opis [ , ]
    • a
    • Instytucja, która sporządziła opis (NP)
    • GD U/AEK
    • c
    • Instytucja, która sporządziła rekord (NP)
    • GD U/AEKs
942 -Rodzaj dokumentu [ , ]
    • c
    • Rodzaj dokumentu
    • Książka
100 -Hasło główne - nazwa osobowa [1, ]
    • a
    • Nazwa osobowa (NP)
    • Białas, Sylwia.
    • 9
    • KHW
    • 54056
245 -Strefa tytułu i oznaczenia odpowiedzialności [1,0]
    • a
    • Tytuł
    • Zarządzanie zasobami ludzkimi w otoczeniu międzynarodowym : Find
    • b
    • Ciąg dalszy tytułu (NP)
    • kulturowe uwarunkowania / Find
    • c
    • Pozostałe elementy strefy tytułu i oznaczenia odpowiedzialności (NP)
    • Sylwia Białas.
260 -Strefa adresu wydawniczego [ , ]
    • a
    • Miejsce wydania (P)
    • Warszawa :
    • b
    • Nazwa wydawcy (P)
    • Wydawnictwa Profesjonalne PWN,
    • c
    • Data wydania (P)
    • 2013.
300 -Strefa opisu fizycznego [ , ]
    • a
    • Określenie formy książki i/lub objętość (NP)
    • 238 s. ;
    • c
    • Format (NP)
    • 21 cm.
336 -Typ zawartości [ , ]
    • a
    • Termin opisujący typ zawartości
    • Tekst
    • b
    • Kod określający zawartość
    • txt
    • 2
    • Źródło (terminu i kodu)
    • rdacontent
337 -Typ mediów [ , ]
    • a
    • Tryb odtwarzania
    • Bez urządzenia pośredniczącego
    • b
    • Kod typu mediów
    • n
    • 2
    • Źródło (terminu i kodu)
    • rdamedia
338 -Typ/rodzaj nośnika [ , ]
    • a
    • Hasło opisujące typ nośnika
    • Wolumin
    • b
    • Kod typu nośnika
    • nc
    • 2
    • Źródło (terminu i kodu)
    • rdacarrier
504 -Uwaga dot. bibliogr. załącznikowej [ , ]
    • a
    • Uwaga dot. bibliografii załącznikowej
    • Bibliogr. s. 231-238.
080 -Uniwersalna Klasyfikacja Dziesiętna [ , ]
    • 2
    • Identyfikator wydania tablic
    • UDC-P058
    • 9
    • UKD
    • 2229
    • a
    • Symbol klasyfikacji
    • 005.95/.96
    • b
    • Dopowiedzenie
    • Zarządzanie. Zarządzanie personelem. Zarządzanie zasobami ludzkimi. Mentoring.
    • 4
    • UKD2
    • 7665
    • x
    • Poddział wspólny
    • (075.8)
    • c
    • Dopowiedzenie poddz. wspólnego
    • (Podręczniki dla szkół wyższych. Skrypty).
080 -Uniwersalna Klasyfikacja Dziesiętna [ , ]
    • 2
    • Identyfikator wydania tablic
    • UDC-P058
    • 9
    • UKD
    • 2828
    • a
    • Symbol klasyfikacji
    • 316.7
    • b
    • Dopowiedzenie
    • Socjologia kultury. Kulturowy kontekst życia społecznego. Antropologia społeczna. Kultura różnych społeczeństw. Cywilizacja. Podkultury. Subkultury. Kultura masowa. Kultury różnych grup. Dynamika kultury. Akulturacja. Zmiana kulturowa. Rozprzestrzenianie się kultury. Sankcje społeczne. Uspołecznianie zachowań.
    • 4
    • UKD2
    • 7665
    • x
    • Poddział wspólny
    • (075.8)
    • c
    • Dopowiedzenie poddz. wspólnego
    • (Podręczniki dla szkół wyższych. Skrypty).
650 -Hasło przedmiotowe [ ,7]
    • a
    • Hasło przedmiotowe
    • Personel
    • x
    • Określnik rzeczowy
    • kierowanie
    • x
    • Określnik rzeczowy
    • aspekt antropologiczny.
    • 2
    • Źródło terminu
    • kaba
    • 9
    • KHW
    • 375899
980 -Symbol UKD [ , ]
    • a
    • UKD
    • 005.95/.96:316.7](075.8)
710 -Hasło dodatkowe - nazwa ciała zbiorowego [2, ]
    • a
    • Nazwa ciała zbiorowego lub nazwa geograficzna jako pierwszy element (NP)
    • Wydawnictwo Naukowe PWN.
    • 4
    • Kod relacji
    • pbl
    • 9
    • KHW
    • 52648
920 -ISBN [ , ]
    • a
    • ISBN
    • 978-83-01-17180-3 Find
Data inwentaryzacji Lokalizacja Sygnatura Numer inwentarzowy Status udost.
2017-10-27BE E.77839-2
2022-06-13BE S.97920-2
2022-10-19BE S.97969-2
2013-04-26BG Z.1169991
2013-04-26BG WM.14363-3
2013-04-26BG WM.14364-3
2013-04-26BG WM.14365-3
2016-02-22GW005GW.6273-2
2014-01-16TT.14344T.14344-2
2014-02-28T TM.10682-2